Представление документа в формате MARC21

Поле Инд. ПП Название Значение
Тип записи a
Библиографический уровень b
001 Контрольный номер RU/IS/BASE/105023978
005 Дата корректировки 20200529173604.4
084 a Индекс другой классификации/Индекс ББК 66.4в; 66.01; 60.000.3
a Индекс другой классификации/Индекс ББК 66.1(7США),6
100 1_ a Автор Прахова Ю. М.
245 a Заглавие Блеск и нищета конструктивизма
504 a Библиография Библиогр. ссылки
600 a Персоналии Вендт Александр
a Персоналии Коверт Пол
650 a Основная рубрика история политических учений
a Основная рубрика международные отношения
a Основная рубрика политика
a Основная рубрика политическая философия (философия политики)
a Основная рубрика политология
a Основная рубрика социальная философия
a Основная рубрика философия
653 a Ключевые слова XX век
a Ключевые слова идентичность
a Ключевые слова конструктивизм
a Ключевые слова конструктивистский подход
a Ключевые слова национальная идентичность
a Ключевые слова политическая мысль
a Ключевые слова социальная идентичность
a Ключевые слова социальные отношения
a Ключевые слова социологический подход
a Ключевые слова США
a Ключевые слова теория международных отношений
773 t Заглавие источника Вестник Московского университета. Серия 18, Социология и политология
d Дата издания источника 2003
g Прочая информация № 1. - С. 75 - 87
w Контрольный № источника RU/IS/BASE/103733045
901 t Тип документа b